00756cam a2200193 a 450000100100000000500170001000800410002704000250006808200150009310000430010824501110015126000330026230000210029549000270031670000530034383000330039695201180042999900150054700000603320200929151908.0761112s1925 sp 000 0 spa  aDO-SdBNPbspacBNPHU annnbF727e1 aForner, Juan Pablo,d1756-1797.91368010aExequias de la lengua castellana /cDon Juan Pablo Forner ; edición y notas Pedro Sáinz y Rodríguez. aMadrid :bLa Lectura,c1925. a294 p. ;c19 cm.1 aClásicos Castellanos1 aSáinz y Rodríguez, Pedro,d1898-eed.917013 0aClásicos Castellanos94180 001052708MOaGRbGRcCTd2009-08-25iLF1l0onnn F727ep6033-10r2020-06-25w2020-06-25y2ZPréstamo interno c5829d5829